| 000 | 02030nam a2200481Ia 4500 | ||
|---|---|---|---|
| 001 | dia_5854 | ||
| 003 | CHAP | ||
| 005 | 20240424181950.0 | ||
| 007 | ta | ||
| 008 | 220117s2015 mx do fr 001 0 spa d | ||
| 040 |
_cCHAP _amxchpua |
||
| 090 |
_aT.C.661 _bB84 IA _c2015 |
||
| 245 | 1 | 0 |
_aAnálisis y caracterización de cuatro agroindustrias del municipio de Texcoco, estado de México, México / _ccoordinador María Ofelia Buendía González ; colaboradores Carla Zulema Jauregui García |
| 260 |
_aMéxico : _bEl autor, _c2015 |
||
| 300 |
_a50 hojas : _bgráficas, diagramas, tablas, fotos + _e1 CD-ROM |
||
| 336 |
_2rdacontent _atexto _btxt |
||
| 337 |
_2rdamedia _ano mediado _bn |
||
| 338 |
_2rdacarrier _avolumen _bnc |
||
| 500 | _a4° año Grupo 1 -- El CD contiene reporte -- Directorio: h. 47-48 | ||
| 502 |
_aViaje de estudios _b(IA) -- _cUACh. Departamento de Ingeniería Agroindustrial, _d2015 |
||
| 504 | _aBibliografía: hojas 48-50 | ||
| 505 |
_aEmpresas visitadas: -- _t1. Comercializadora de Papas Sinai -- 2. NF Natural Frut -- 3. Rastro Municipal de Texcoco -- 4. Molino y Tortilla San Juan de Dios |
||
| 650 | 1 | 3 |
_aFresas _9154326 |
| 650 | 1 | 3 |
_aIndustria de los alimentos _9148659 |
| 650 | 1 | 3 |
_aIndustria del ganado y de la carne _9147937 |
| 650 | 1 | 3 |
_aProductos de patata _9159554 |
| 650 | 1 | 3 |
_aProductos derivados del maíz _9154075 |
| 650 | 1 | 3 |
_aFood industry _9148657 |
| 650 | 1 | 3 |
_aLivestock and meat industry _9147938 |
| 650 | 1 | 3 |
_aCorn products _9154074 |
| 650 | 1 | 3 |
_aPotato products _9159275 |
| 650 | 1 | 3 |
_aStrawberries _9152625 |
| 700 | 1 |
_aBuendía González, María Ofelia _9150532 _ecoordinadora |
|
| 700 | 1 |
_aJauregui García, Carla Zulema _9133531 _ecolaboradora |
|
| 856 | 4 | 2 |
_uhttp://10.13.5.2/ve/TC661IA/TC661IA2015-REPORTE.pdf _yDESCARGAR REPORTE |
| 901 | _aT.C.661 B84 IA 2015 | ||
| 902 | _aM | ||
| 905 | _a5232272015 mx nml 8223123322spa16 | ||
| 942 | _2local | ||
| 942 | _cVE | ||
| 999 |
_c176812 _d176812 |
||